| 000 | 00675nam a22002177a 4500 | ||
|---|---|---|---|
| 005 | 20210325200410.0 | ||
| 008 | s2006 eng d | ||
| 020 | _a1845420381 | ||
| 041 | _aeng | ||
| 090 | _aKS101 I57 2006 | ||
| 100 | 0 | _aPugatch, Meir Perez, ed. | |
| 245 | 1 | 0 | _aThe intellectual property debate : perspectives from law, economics and political economy |
| 260 | 3 |
_aCheltrenham, UK : _bEdward Elgar, _c2006 |
|
| 300 |
_a374 p. : _btables ; _c24 cm. |
||
| 650 | 0 | 4 | _aIntellectual property -- Economic aspects |
| 650 | 0 | 4 | _aIntellectual property |
| 700 | 0 | _aPugatch, Meir Perez, ed. | |
| 850 | _aNALT | ||
| 942 | _cLB | ||
| 997 |
_c000000000049922 _kVC |
||
| 999 |
_c49922 _d49922 |
||